000 01249nam a2200205Ii 4500
003 JO-AjNU
008 230605s9999||||xx |||||||||||||| ||und||
017 _a2019/3/1343
040 _aJO-AjNU
_bara
_erda
_cJO-AjNU
041 _aara
050 1 4 _aDS154.53.W37 2019
100 3 _aعبدالله بن الحسين بن علي، ملك الأردن، 1988 - 1951؛ اشراف البخيت، محمد عدنان؛ جمع وإعداد هند غسان أبو الشعر؛ المتابعة والتنسيق باسل غازي الجغامين,
_eauthor
_959443
245 0 0 _aالوثائق الهاشمية: أوراق عبدالله بن الحسين: الموازنات العمومية في عهدي إمارة شرقي الأردن والمملكة الأردنية الهاشمية (1933-1952م)، مج25
264 3 1 _aعمان: الجامعة الاردنية: مركز الوثائق والمخطوطات ودراسات بلاد الشام، 2019
300 _aمج25: 522ص
336 _atext
_btxt
_2rdacontent
337 _aunmediated
_bn
_2rdamedia
338 _avolume
_bnc
_2rdacarrier
650 4 _aالاردن - تاريخ - الملك عبدالله بن الحسين الاول -الموازنات العمومية- 1933-1952م
_959444
999 _aA26750
_c30318
_d30318